Il libro che la tua Chiesa non ti farebbe mai leggere /

সংরক্ষণ করুন:
গ্রন্থ-পঞ্জীর বিবরন
অন্যান্য লেখক: Leedom, Tim C., Murdy, Maria
বিন্যাস: গ্রন্থ
ভাষা:ইতালিয়
প্রকাশিত: Roma : Newton Compton, 2011
মালা:Grandi tascabili contemporanei ; 33
ট্যাগগুলো: ট্যাগ যুক্ত করুন
কোনো ট্যাগ নেই, প্রথমজন হিসাবে ট্যাগ করুন!

MARC

LEADER 00000nam a22000007i 4500
001 IT\ICCU\RMB\0751470
003 ItRI
005 20241230171230.0
008 110225s2011 it |||||| ||||| |||||c
020 |a 9788854123731 
040 |b ita  |c ARCIGAY RIMINI 
041 7 |a ita  |2 ISO-639-2 
130 4 |a The book your church (or synagogue, temple, mosque...) doesn't want you to read  |9 Leedom, Tim C. 
245 0 3 |a Il libro che la tua Chiesa non ti farebbe mai leggere /  |c a cura di Tim C. Leedom, Maria Murdy. 
260 |a Roma :  |b Newton Compton,  |c 2011 
300 |a 575 p. ;  |c 21 cm. 
700 1 |a Leedom, Tim C.  |0 IT\ICCU\LO1V\347613 
700 1 |a Murdy, Maria  |0 IT\ICCU\LO1V\347614 
830 0 |a Grandi tascabili contemporanei ;  |v 33  |0 IT\ICCU\CFI\0765288 
942 |2 ddc  |c BK 
952 |0 0  |1 0  |2 ddc  |4 0  |6 200_000000000000000_LEE_MUR_LIB  |7 1  |9 2547  |a RN  |b RN  |d 2024-12-30  |l 0  |o 200 LEE MUR LIB  |p 9991  |r 2024-12-30 17:12:58  |w 2024-12-30  |y BK 
981 1 |6 z01  |a i   |b xxxe  
982 1 |6 z01  |a n 
999 |c 2213  |d 2213